000 01211nam a2200229Ia 4500
001 L230-5590
003 IT-CnALBA
008 170116s9999||||xx |||||||||||||| ||und||
040 _aIT-CnALBA
_cIT-CnALBA
041 _aITALIANO
100 _aBARTMANN DR. BERNHARD.
245 0 _aTEOLOGIA DOGMATICA.
250 _a4a ed.
260 _aCINISELLO BALSAMO (MI)
_bEDIZIONI PAOLINE
_c1957 [1° Ed.: - Ed.Ling.Originale: 1932]
300 _a1628 p. (prefazione: 78)
500 _aCURATORE BUSSI NATALE. PRINCIPI DELLA DOGMATICA. METODO. STORIA DELLA DOGMATICA. DIO. ATTIBUTI DI DIO. TRINITÀ. PROCESSIONI. RELAZIONI. CREAZIONE E CONSERVAZIONE DEL MONDO. ANGELI. UOMO. REDENZIONE. DIVINITÀ E UMANITÀ DI CRISTO. CRISTO DUE NATURE E UNA PE
501 _aSocietà San Paolo EM - Piazza San Paolo, 14 - 12051 ALBA (CN) (non commercial uses only) ® Copyright 2017
520 _aCURATORE BUSSI NATALE. PRINCIPI DELLA DOGMATICA. METODO. STORIA DELLA DOGMATICA. DIO. ATTIBUTI DI DIO. TRINITÀ. PROCESSIONI. RELAZIONI. CREAZIONE E CONSERVAZIONE DEL MONDO. ANGELI. UOMO. REDENZIONE. DIVINITÀ E UMANITÀ DI CRISTO. CRISTO DUE NATURE E UNA PE
650 _aDOGMATICA CRISTIANA
942 _cBK
957 _71
999 _a6569
_bNO
_g Copie: 1
_c264776
_d264776